Subhasta d'art antic i modern
Descripción Física:
[17] pàgines : il·lustracions en blanc i negre ; 17'5 x 11'5 cm
Idioma:
Catalán
MARC
| LEADER | 00000nam a2200000 a 4500 | ||
|---|---|---|---|
| 001 | 24909 | ||
| 003 | AGDB | ||
| 005 | 20260324181543.0 | ||
| 008 | 260113b spa||||| |||| 00| 0 cat d | ||
| 040 | |a agdb |b cat | ||
| 041 | |a cat | ||
| 110 | |a Sala Parés |9 72861 |e institució d'acollida | ||
| 245 | |a Subhasta d'art antic i modern | ||
| 260 | |a Barcelona : |b Sala Parés, |c 1930 | ||
| 300 | |a [17] pàgines : |b il·lustracions en blanc i negre ; |c 17'5 x 11'5 cm | ||
| 500 | |a Prové del fons Joan Junyer i Pascual (1909-1994) | ||
| 500 | |a Catàleg de pintures l'exposició i subhasta celebrades a la Sala Parés, Barcelona, del 10 al 13 de juny de 1930 | ||
| 650 | |a Fons Joan Junyer i Pascual (1909-1994) |9 72777 | ||
| 650 | 0 | |a Subhastes d'art |2 Arxiu |9 41643 | |
| 650 | 0 | |a Art |x Exposicions |x Catàlegs |2 Arxiu |9 47687 | |
| 942 | |2 udc |c ARXIU |n 1 | ||
| 952 | |0 0 |1 0 |2 udc |4 0 |6 F504335 |7 1 |9 98930 |a Arxiu |b Arxiu |d 2026-01-13 |l 0 |o F-504-335 |p 24909 |r 2026-01-13 11:54:52 |w 2026-01-13 |y ARXIU | ||
| 999 | |c 130598 |d 130598 | ||